Los gnósticos
Tallennettuna:
| Aineistotyyppi: | Kirja |
|---|---|
| Kieli: | espanja |
| Julkaistu: |
Madrid
Gredos
1983
|
| Sarja: | Biblioteca Clásica Gredos, 59, 60
|
| Aiheet: | |
| Tagit: |
Lisää tagi
Ei tageja, Lisää ensimmäinen tagi!
|
MARC
| LEADER | 00000nam a2200000 a 4500 | ||
|---|---|---|---|
| 001 | UCV8092 | ||
| 003 | CL-VaPUC | ||
| 008 | 900531e19830000SP |||||||||||||||||spa|d | ||
| 082 | 0 | 4 | |a 273.1 |b GNO |2 21 |
| 245 | 1 | 4 | |a Los gnósticos |
| 300 | |a 2 v | ||
| 942 | |c BK | ||
| 945 | |d 19900531 00:00:00 | ||
| 260 | |a Madrid |b Gredos |c 1983 | ||
| 650 | 7 | |a GNOSTICISMO |2 CL-VaPUC |9 266034 | |
| 583 | |a last modification |c 19900531 00:00:00 |k Rodrigo Vera | ||
| 490 | 0 | |a Biblioteca Clásica Gredos, 59, 60 | |
| 999 | |c 213667 |d 213665 | ||
| 952 | |0 0 |1 0 |4 0 |6 273_100000000000000_GNO_1983 |7 0 |8 A |9 196273 |a BIBEDU |b BIBEDU |d 2019-11-14 |h v.1 |i 2641801 |o 273.1 GNO 1983 |p 2641801 |r 2019-11-14 |w 2019-11-14 |y BK |k FIL | ||
| 952 | |0 0 |1 0 |4 0 |6 273_100000000000000_GNO_1983 |7 0 |8 A |9 196274 |a BIBEDU |b BIBEDU |d 2019-11-14 |h v.2 |i 264181K |o 273.1 GNO 1983 |p 264181K |r 2019-11-14 |w 2019-11-14 |y BK |k FIL | ||
| 952 | |0 0 |1 0 |4 0 |6 273_100000000000000_GNO_1983 |7 0 |8 P |9 196275 |a BIBARQ |b BIBARQ |d 2019-11-14 |h v.1 |i 2641828 |o 273.1 GNO 1983 |p 2641828 |r 2025-01-20 |w 2019-11-14 |y BK |k ARQ | ||
| 952 | |0 0 |1 0 |4 0 |6 273_100000000000000_GNO_1983 |7 0 |8 X |9 196276 |a BIBHIS |b BIBHIS |d 2019-11-14 |h v.1 |i 2641844 |o 273.1 GNO 1983 |p 2641844 |r 2024-01-30 |w 2019-11-14 |y BK_X |k HIS | ||
| 952 | |0 0 |1 0 |4 0 |6 273_100000000000000_GNO_1983 |7 0 |8 X |9 196277 |a BIBHIS |b BIBHIS |d 2019-11-14 |h v.2 |i 2641852 |o 273.1 GNO 1983 |p 2641852 |r 2024-01-30 |w 2019-11-14 |y BK_X |k HIS | ||